000 00896cam a2200229 i 4500
003 SA-RiAUC
005 20251102115521.0
008 251101s1984 su g r 000r0 ara c
040 _aSA-RiAUC
_bara
_cSA-RiAUC
_erda
082 0 4 _a252.5
_qSA-RiAUC
090 _a252.5
_bد ل ي
245 0 0 _aدليل الحاج والمعتمر وزائر مسجد الرسول صلى الله عليه وسلم.
250 _aالطبعة الثالثة
264 1 _aالرياض :
_bالرئاسة العامة لإدارات البحوث العلمية والإفتاء والدعوة والإرشاد،
_c1984
300 _a91،9 صفحة ؛
_c12 سم
336 _aنص
_btxt
_2rdacontent
_3كتاب
337 _aبدون وسيط
_bn
_2rdamedia
338 _aمجلد
_bnc
_2rdacarrier
650 7 _aالحج
_vأدلة
_2aucsh
942 _2ddc
_cBOOK
_n0
949 _aSA-JeALM
_d251101
_umohamedma123
_n1
999 _c12908
_d12908